Export terminé — 

In quest of business in England

Na minha lista:
Detalhes bibliográficos
Autor principal: Fritschi, E. K.
Formato: Livro
Idioma:Undetermined
Publicado em: Zürich Verlag des Schweizerischen Kaufmännischen Vereins 1947
Assuntos:
Tags: Adicionar Tag
Sem tags, seja o primeiro a adicionar uma tag!
Thư viện lưu trữ: Trung tâm Học liệu Trường Đại học Cần Thơ
LEADER 00505nam a2200181Ia 4500
001 CTU_82382
008 210402s9999 xx 000 0 und d
082 |a 330 
082 |b F919 
100 |a Fritschi, E. K. 
245 0 |a In quest of business in England 
245 0 |c E. K. Fritschi 
260 |a Zürich 
260 |b Verlag des Schweizerischen Kaufmännischen Vereins 
260 |c 1947 
650 |a Economic 
904 |i Trọng Hải 
980 |a Trung tâm Học liệu Trường Đại học Cần Thơ